|
|
|
|
| LEADER |
03052nam a22003973i 4500 |
| 001 |
EBC6637635 |
| 003 |
MiAaPQ |
| 005 |
20231204023217.0 |
| 006 |
m o d | |
| 007 |
cr cnu|||||||| |
| 008 |
231204s2020 xx o ||||0 eng d |
| 020 |
|
|
|a 9783110691504
|q (electronic bk.)
|
| 035 |
|
|
|a (MiAaPQ)EBC6637635
|
| 035 |
|
|
|a (Au-PeEL)EBL6637635
|
| 035 |
|
|
|a (OCoLC)1226680286
|
| 040 |
|
|
|a MiAaPQ
|b eng
|e rda
|e pn
|c MiAaPQ
|d MiAaPQ
|
| 100 |
1 |
|
|a Hofmann, Franck.
|
| 245 |
1 |
4 |
|a The Epoch of Universalism 1769-1989 / l'époque de L'universalisme 1769-1989.
|
| 250 |
|
|
|a 1st ed.
|
| 264 |
|
1 |
|a Berlin/Boston :
|b Walter de Gruyter GmbH,
|c 2020.
|
| 264 |
|
4 |
|c {copy}2021.
|
| 300 |
|
|
|a 1 online resource (250 pages)
|
| 336 |
|
|
|a text
|b txt
|2 rdacontent
|
| 337 |
|
|
|a computer
|b c
|2 rdamedia
|
| 338 |
|
|
|a online resource
|b cr
|2 rdacarrier
|
| 490 |
1 |
|
|a Beyond Universalism / Partager L'universel Series ;
|v v.1
|
| 505 |
0 |
|
|a Intro -- Acknowledgements / Remerciements -- Contents / Table des matières -- On the ends of universalism -- Part I: Histories / Première partie: Histoires -- Napoléon a-t-il réveillé le monde arabe? -- Universalisme des Lumières et impérialisme colonial -- Un culte universaliste de la raison? -- Suez 1869: un cosmopolitisme eurocentré? -- Part II: Global Perspectives / Deuxième partie: Mise en perspectives mondiale -- Linguistics and the intellectual challenge of diversity -- Littérature, culture nationale et guerre -- Trans-cultural and trans-temporal translations -- Writing a global history of 1989 -- Part III: Contestations / Troisième partie: Contestations -- Comment le cauchemar traumatique désagrège-t-il l'universalisme européen? -- Réponses antillaises à l'universalisme européen -- Penser contre la mémoire européenne -- Tempo et rythme des révolutions universelles -- Contributors / Contributeurs -- Index.
|
| 520 |
|
|
|a How can universality be addressed after the necessary epistemic and ethical critique of Western universalism? Building on such concepts as materiality and reparation, narration and translation, the series Beyond Universalism | Partager l'universel seeks to understand how contemporary cultural and social practices are producing a new consciousness of universality - experiences, reflections, and agencies of a shared humanity.
|
| 588 |
|
|
|a Description based on publisher supplied metadata and other sources.
|
| 590 |
|
|
|a Electronic reproduction. Ann Arbor, Michigan : ProQuest Ebook Central, 2023. Available via World Wide Web. Access may be limited to ProQuest Ebook Central affiliated libraries.
|
| 655 |
|
4 |
|a Electronic books.
|
| 700 |
1 |
|
|a Messling, Markus.
|
| 776 |
0 |
8 |
|i Print version:
|a Hofmann, Franck
|t The Epoch of Universalism 1769-1989 / l'époque de L'universalisme 1769-1989
|d Berlin/Boston : Walter de Gruyter GmbH,c2020
|
| 797 |
2 |
|
|a ProQuest (Firm)
|
| 830 |
|
0 |
|a Beyond Universalism / Partager L'universel Series
|
| 856 |
4 |
0 |
|u https://ebookcentral.proquest.com/lib/matrademy/detail.action?docID=6637635
|z Click to View
|